000 00766nam a22001937a 4500
003 OSt
005 20240618100008.0
008 240618b ||||| |||| 00| 0 eng d
040 _cAIMIT LIBRARY
100 _aMadhumitha.
_e2116092
_9171074
245 _aStudy on implications of trust risk aversion and personality traits preference for public and private life insurance policies /
_cBy Madhumitha ; Guided by Annette Maben
260 _aNew Delhi ;
_c2023.
650 _aLiterature review objectives and conceptual framework
_9171075
650 _aResearch methodology
_9171076
650 _aProblem identification
_9171077
700 _aMaben, Annette.
_eGuide
_9171078
856 _3Bajaj capital
_uwww.bajalcapital.com
_ywww.bajalcapital.com
942 _2ddc
_cPRO
999 _c231202
_d231202